[Event "Dortmund"]
[Site "?"]
[Date "1992.??.??"]
[Round "?"]
[White "Kasparov, Garry"]
[Black "Anand, V."]
[Result "1-0"]
[WhiteElo "2780"]
[BlackElo "2670"]
[PlyCount "33"]
[EventDate "1992.??.??"]
[Source "ChessBase"]
[SourceDate "1992.02.01"]

1. d4 d5 2. c4 c6 3. Nf3 Nf6 4. Nc3 dxc4 5. a4 Bf5 6. e3 e6 7. Bxc4 Bb4 8. O-O O-O 9. Qe2 Nbd7 10. Ne5 Re8 11. Rd1 Qc7 12. Nxd7 Qxd7 13. f3 Nd5 14. Na2 Bf8 15. e4 Bg6 16. Qe1 f5 17. exd5 1-0

[Event "Amber-blind 9th"]
[Site "Monte Carlo"]
[Date "2000.03.23"]
[Round "7"]
[White "Piket, Jeroen"]
[Black "Anand, Viswanathan"]
[Result "1/2-1/2"]
[WhiteElo "2633"]
[BlackElo "2769"]
[PlyCount "51"]
[EventDate "2000.03.16"]
[Source "ChessBase"]
[SourceDate "2000.05.31"]

1. d4 d5 2. c4 c6 3. Nf3 Nf6 4. Nc3 dxc4 5. a4 Bf5 6. e3 e6 7. Bxc4 Bb4 8. O-O O-O 9. Qe2 Ne4 10. Bd3 Bxc3 11. bxc3 Nxc3 12. Qc2 Bxd3 13. Qxd3 Nd5 14. Rb1 b6 15. Ba3 Re8 16. Rfc1 a5 17. Ne5 Qc7 18. e4 Nb4 19. Bxb4 axb4 20. Rxb4 c5 21. Qb5 Nc6 22. Qxb6 Qxb6 23. Rxb6 Nxe5 24. dxe5 Rxa4 25. Rc6 Rxe4 26. R6xc5 1/2-1/2

[Event "Enschede (Netherlands)"]
[Site "?"]
[Date "2005.05.??"]
[Round "2"]
[White "Van Wely Loek"]
[Black "Bareev Evgeny"]
[Result "0-1"]
[WhiteElo "2687"]
[BlackElo "2709"]
[PlyCount "82"]
[EventDate "2005.??.??"]
[Source "www.chesslib.no"]
[SourceDate "2004.05.04"]

1. d4 d5 2. c4 c6 3. Nc3 Nf6 4. Nf3 dxc4 5. a4 Bf5 6. e3 e6 7. Bxc4 Bb4 8. O-O O-O 9. Qe2 Ne4 10. Bd3 Bxc3 11. bxc3 Nxc3 12. Qc2 Bxd3 13. Qxd3 Nd5 14. Ba3 Re8 15. Rab1 b6 16. Rfc1 Nf6 17. Ne5 Qd5 18. Qc3 Ne4 19. Qb2 f6 20. Nc4 Rd8 21. Qe2 Nd7 22. f3 Ng5 23. Rd1 Nf8 24. Nd6 Nf7 25. e4 Qh5 26. Nc4 Ng6 27. a5 e5 28. axb6 axb6 29. Rxb6 Nf4 30. Qf1 exd4 31. Bc1 Qg5 32. Rxc6 Ra2 33. Bd2 Rc2 34. Kh1 d3 35. Rc7 Ne5 36. g3 Nxc4 37. Bxf4 Qh5 38. g4 Qa5 39. Ra1 Ra2 40. Rb1 Nd2 41. Bxd2 Qxc7 0-1

[Event "Lviv 81/(316)"]
[Site "?"]
[Date "2000.??.??"]
[Round "?"]
[White "Beliavsky, A."]
[Black "Gelfand, B."]
[Result "1/2-1/2"]
[WhiteElo "2640"]
[BlackElo "2692"]
[PlyCount "37"]
[EventDate "2000.??.??"]
[Source "Chess Informant"]
[SourceDate "2001.02.01"]

1. d4 d5 2. c4 c6 3. Nf3 Nf6 4. Nc3 dxc4 5. a4 Bf5 6. e3 e6 7. Bxc4 Bb4 8. O-O O-O 9. Qe2 Bg6 10. Ne5 Nbd7 11. Nxg6 hxg6 12. Rd1 Qa5 13. Bd2 Rad8 14. Be1 c5 15. d5 exd5 16. Bxd5 Nxd5 17. Nxd5 Bxe1 18. Rxe1 Nf6 19. Qb5 1/2-1/2

[Event "Amber-blind 13th"]
[Site "Monaco"]
[Date "2004.03.22"]
[Round "3"]
[White "Van Wely, Loek"]
[Black "Bareev, Evgeny"]
[Result "0-1"]
[WhiteElo "2617"]
[BlackElo "2714"]
[PlyCount "98"]
[EventDate "2004.03.20"]
[Source "ChessBase"]
[SourceDate "2004.05.04"]

1. d4 d5 2. c4 c6 3. Nc3 Nf6 4. Nf3 dxc4 5. a4 Bf5 6. e3 e6 7. Bxc4 Bb4 8. O-O O-O 9. Qe2 Ne4 10. Bd3 Bxc3 11. bxc3 Nxc3 12. Qc2 Bxd3 13. Qxd3 Nd5 14. Ba3 Re8 15. Rab1 b6 16. Rfc1 a5 17. Ne5 Qc7 18. Qb3 Rd8 19. g3 h6 20. e4 Nf6 21. Qe3 c5 22. Nf3 Na6 23. dxc5 Nxc5 24. Bxc5 bxc5 25. Rxc5 Qd7 26. Rcb5 Qc6 27. Re1 Qc2 28. Qb3 Qxb3 29. Rxb3 Rab8 30. Rb5 Rxb5 31. axb5 Rd3 32. Ne5 Rb3 33. Rc1 Rxb5 34. Rc8+ Kh7 35. Nxf7 Nxe4 36. f4 g5 37. Ne5 gxf4 38. Rc7+ Kg8 39. gxf4 a4 40. Ra7 Nc3 41. Kf2 Rb3 42. Nd7 Ne4+ 43. Kg2 a3 44. Ra4 Nc3 45. Ra8+ Kg7 46. Ra7 Rb2+ 47. Kf3 a2 48. Ne5+ Kf8 49. Ng4 Rb1 0-1

[Event "Mind Sports Games - Rapid Ind"]
[Site "Pechino CINA"]
[Date "2008.10.06"]
[Round "4"]
[White "Korobov, A."]
[Black "Bu Xiangzhi"]
[Result "1/2-1/2"]
[WhiteElo "2605"]
[BlackElo "2714"]
[PlyCount "147"]
[EventDate "2008.10.05"]
[Source "www.chesslib.no"]
[SourceDate "2004.05.04"]

1. d4 d5 2. c4 c6 3. Nc3 Nf6 4. Nf3 dxc4 5. a4 Bf5 6. e3 e6 7. Bxc4 Bb4 8. O-O O-O 9. Qe2 Ne4 10. Bd3 Bxc3 11. bxc3 Nxc3 12. Qc2 Bxd3 13. Qxd3 Nd5 14. Ba3 Re8 15. Rab1 b6 16. Rfc1 a5 17. Ne5 Qc7 18. e4 Nb4 19. Qg3 c5 20. Rb3 Rd8 21. Rf3 N8c6 22. Rxf7 Qxe5 23. dxe5 Kxf7 24. Qf4+ Kg8 25. Qg4 Nd4 26. Rd1 Rd7 27. Bb2 Nbc6 28. f4 Rad8 29. Rf1 Re8 30. h4 Kh8 31. h5 h6 32. Rb1 Nb4 33. g3 Kg8 34. Bc3 Rde7 35. Kh2 Rd8 36. Kh3 Rde8 37. Rd1 Nbc6 38. Rd2 Rd8 39. Qd1 Red7 40. Qf1 Nb4 41. Qc4 Kh8 42. f5 Nbc6 43. Bxd4 Nxd4 44. g4 Re8 45. Rb2 exf5 46. gxf5 Rxe5 47. Rxb6 Rd8 48. f6 Rxh5+ 49. Kg4 Rg5+ 50. Kf4 Rf8 51. e5 gxf6 52. Rxf6 Rxf6+ 53. exf6 Rf5+ 54. Ke4 Rxf6 55. Qc3 Kg7 56. Qxa5 Nc6 57. Qxc5 Re6+ 58. Kd5 Kf7 59. Qf2+ Ke7 60. Qh4+ Kf7 61. Kc5 Kg7 62. Qg3+ Kf7 63. a5 Nxa5 64. Qc7+ Re7 65. Qf4+ Kg7 66. Kd6 Rf7 67. Qg4+ Kf8 68. Qc8+ Kg7 69. Qc3+ Rf6+ 70. Ke5 Nc6+ 71. Ke4 Kf7 72. Qb3+ Kg7 73. Qg3+ Kh7 74. Qc7+ 1/2-1/2

[Event "ch-Euro Blitz"]
[Site "Ajaccio FRA"]
[Date "2007.10.26"]
[Round "26"]
[White "Van Wely, L."]
[Black "Mchedlishvili, M."]
[Result "1/2-1/2"]
[WhiteElo "2679"]
[BlackElo "2631"]
[PlyCount "101"]
[EventDate "2007.10.25"]
[Source "www.chesslib.no"]
[SourceDate "2004.05.04"]

1. d4 d5 2. c4 c6 3. Nf3 Nf6 4. Nc3 dxc4 5. a4 Bf5 6. e3 e6 7. Bxc4 Bb4 8. O-O O-O 9. Qe2 Bg6 10. Ne5 Nbd7 11. Nxg6 hxg6 12. Rd1 Qa5 13. Qc2 Rad8 14. Na2 Bd6 15. b4 Qc7 16. g3 a5 17. bxa5 Qxa5 18. Bd2 Qa7 19. a5 Nd5 20. e4 Nc7 21. Rab1 c5 22. Bg5 Rc8 23. e5 Bxe5 24. dxe5 Nxe5 25. Be2 Nd5 26. Qb2 Nc6 27. Qxb7 Qxa5 28. Qa6 Qxa6 29. Bxa6 Ra8 30. Bb7 Rxa2 31. Bxc6 Nc3 32. Ra1 Rc2 33. Rd8 Rxd8 34. Bxd8 c4 35. Kf1 Na2 36. Be4 Rb2 37. Rb1 Rd2 38. Ba5 c3 39. Ke1 f5 40. Bf3 Rb2 41. Rd1 c2 42. Rd8+ Kh7 43. Bd2 Rb1+ 44. Ke2 c1=Q 45. Bxc1 Rxc1 46. Re8 Rc2+ 47. Ke1 Rc1+ 48. Ke2 Rc2+ 49. Ke1 Rc1+ 50. Ke2 Rc2+ 51. Ke1 1/2-1/2

[Event "FRA-ch Pool B"]
[Site "Marsailles"]
[Date "2001.08.19"]
[Round "7"]
[White "Bacrot, Etienne"]
[Black "Fressinet, Laurent"]
[Result "1-0"]
[WhiteElo "2653"]
[BlackElo "2606"]
[PlyCount "45"]
[EventDate "2001.08.13"]
[Source "ChessBase"]
[SourceDate "2001.11.13"]

1. d4 d5 2. Nf3 Nf6 3. c4 c6 4. Nc3 dxc4 5. a4 Bf5 6. e3 e6 7. Bxc4 Bb4 8. O-O O-O 9. Qe2 Bg6 10. Ne5 Nbd7 11. Nxg6 hxg6 12. Na2 Be7 13. Rd1 c5 14. e4 cxd4 15. e5 Nd5 16. Bxd5 exd5 17. Rxd4 Qa5 18. Nc3 Nb6 19. Bd2 Bb4 20. Qg4 Nc4 21. Qh3 g5 22. Bxg5 Nxe5 23. Rxb4 1-0

[Event "Yerevan (ol)"]
[Site "?"]
[Date "1996.??.??"]
[Round "?"]
[White "Ehlvest, J."]
[Black "Barua, D."]
[Result "1-0"]
[WhiteElo "2660"]
[BlackElo "2550"]
[PlyCount "129"]
[EventDate "1996.??.??"]
[Source "ChessBase"]
[SourceDate "1996.06.01"]

1. d4 d5 2. Nf3 Nf6 3. c4 c6 4. Nc3 dxc4 5. a4 Bf5 6. e3 e6 7. Bxc4 Bb4 8. O-O O-O 9. Qe2 Nbd7 10. e4 Bg6 11. Bd3 Bh5 12. e5 Nd5 13. Ne4 Be7 14. Ng3 Bg6 15. Bxg6 fxg6 16. a5 a6 17. Ne4 h6 18. Ne1 Rf5 19. Nd3 Nf8 20. Rd1 g5 21. Qg4 Qe8 22. Ng3 Qg6 23. Bd2 Rf7 24. Qe4 Rd8 25. Ra4 g4 26. Rc4 Rf5 27. Qe2 Rf7 28. Nc5 Bxc5 29. dxc5 Nd7 30. Rxg4 Qc2 31. Bxh6 Qxe2 32. Nxe2 Nxe5 33. Rg3 Rdd7 34. Rf1 Nf6 35. Be3 Ne4 36. Rh3 Nd3 37. Rh4 Nexc5 38. b4 Nb3 39. Rc4 c5 40. Rc3 c4 41. Rxc4 Ne5 42. Rc2 Nc6 43. Rb2 Nbd4 44. Nxd4 Nxd4 45. Rc1 Nc6 46. h3 Rf5 47. b5 Ne7 48. bxa6 bxa6 49. Rb8+ Kf7 50. Bb6 Rb5 51. Ra8 Nd5 52. Rxa6 g5 53. Kh2 Nxb6 54. axb6 Rd2 55. Rc7+ Kf6 56. Ra8 Rxb6 57. Rf8+ Kg6 58. Rg8+ Kh6 59. Rh8+ Kg6 60. Rg8+ Kh6 61. Rf7 e5 62. Rf5 e4 63. Rfxg5 Rbb2 64. R8g6+ Kh7 65. Re6 1-0

[Event "Olimpiadi 2008 - open"]
[Site "Dresda GER"]
[Date "2008.11.13"]
[Round "1"]
[White "Kasimdzhanov, R."]
[Black "Megaranto, S."]
[Result "1-0"]
[WhiteElo "2672"]
[BlackElo "2536"]
[PlyCount "87"]
[EventDate "2008.11.13"]
[Source "www.chesslib.no"]
[SourceDate "2004.05.04"]

1. d4 d5 2. c4 c6 3. Nf3 Nf6 4. Nc3 dxc4 5. a4 Bf5 6. e3 e6 7. Bxc4 Bb4 8. O-O O-O 9. Qe2 Nbd7 10. e4 Bg6 11. Bd3 a6 12. e5 Nd5 13. Bxg6 fxg6 14. Bd2 Be7 15. a5 Qe8 16. Rac1 Rc8 17. h3 Nc7 18. Ne4 h6 19. Be3 g5 20. Nfd2 Qg6 21. f3 Rcd8 22. Nc4 Nb5 23. Rcd1 Kh8 24. Rd3 Kg8 25. Rfd1 Kh8 26. Qe1 Kg8 27. b4 Kh8 28. Rb3 Kg8 29. Qe2 Kh8 30. Bf2 Kg8 31. Kh1 Kh8 32. Nc5 Nxc5 33. bxc5 Rd5 34. Nd6 Bd8 35. Nxb7 Bc7 36. Nd6 Bxa5 37. Qe4 Qh5 38. Ra1 Bc3 39. Nxb5 Bxa1 40. Nc7 g4 41. Nxe6 Re8 42. Nxg7 Kxg7 43. Rb7+ Kf8 44. Qh7 1-0

[Event "Europa ch 2008"]
[Site "Plovdiv BUL"]
[Date "2008.04.22"]
[Round "2.15"]
[White "Anastasian, Ashot"]
[Black "Mchedlishvili, Mikheil"]
[Result "1/2-1/2"]
[WhiteElo "2560"]
[BlackElo "2635"]
[PlyCount "28"]
[EventDate "2008.04.21"]
[Source "www.chesslib.no"]
[SourceDate "2004.05.04"]

1. d4 d5 2. c4 c6 3. Nf3 Nf6 4. Nc3 dxc4 5. a4 Bf5 6. e3 e6 7. Bxc4 Bb4 8. O-O O-O 9. Qe2 Bg6 10. Ne5 Nbd7 11. Nxg6 hxg6 12. Rd1 Qa5 13. Qc2 Rad8 14. g3 c5 1/2-1/2

[Event "Mondariz zt 1.1"]
[Site "Mondariz"]
[Date "2000.09.05"]
[Round "3"]
[White "Piket, Jeroen"]
[Black "Hauchard, Arnaud"]
[Result "1/2-1/2"]
[WhiteElo "2649"]
[BlackElo "2539"]
[PlyCount "82"]
[EventDate "2000.09.03"]
[Source "ChessBase"]
[SourceDate "2000.11.21"]

1. d4 d5 2. c4 c6 3. Nf3 Nf6 4. Nc3 dxc4 5. a4 Bf5 6. e3 e6 7. Bxc4 Bb4 8. O-O O-O 9. Qe2 Nbd7 10. e4 Bg6 11. Bd3 Bh5 12. Bf4 Re8 13. e5 Nd5 14. Nxd5 cxd5 15. Qe3 a6 16. Ne1 Bg6 17. Bg5 Be7 18. Bxe7 Qxe7 19. Bxg6 hxg6 20. Nd3 Rec8 21. Rfc1 Qd8 22. h3 Rxc1+ 23. Rxc1 Rc8 24. Qd2 Rc4 25. b3 Rxc1+ 26. Qxc1 a5 27. Qc3 Nb8 28. b4 axb4 29. Nxb4 Qd7 30. a5 Na6 31. Nxa6 bxa6 32. Qc5 g5 33. g3 Qb7 34. Kg2 Kh7 35. Qb6 Qc8 36. Qa7 Kg6 37. Qc5 Qb7 38. Qc2+ Kh6 39. Qd2 Kg6 40. g4 Qb1 41. f3 Qb5 1/2-1/2

[Event "NED-chT playoff"]
[Site "Breda"]
[Date "2000.06.02"]
[Round "2"]
[White "Van der Sterren, Paul"]
[Black "Timman, Jan H"]
[Result "1/2-1/2"]
[WhiteElo "2526"]
[BlackElo "2655"]
[PlyCount "104"]
[EventDate "2000.06.01"]
[Source "ChessBase"]
[SourceDate "2000.07.11"]

1. d4 d5 2. c4 c6 3. Nf3 Nf6 4. Nc3 dxc4 5. a4 Bf5 6. e3 e6 7. Bxc4 Bb4 8. O-O O-O 9. Qe2 Nbd7 10. e4 Bg6 11. Bd3 Bh5 12. Bf4 Re8 13. e5 Nd5 14. Nxd5 exd5 15. Bf5 Bg6 16. g4 Nf8 17. Bg3 Be7 18. Qd3 a5 19. Rfe1 Ra6 20. Re2 Rb6 21. h4 c5 22. dxc5 Bxc5 23. Rd1 Rb4 24. Qxd5 Qxd5 25. Rxd5 b6 26. h5 Bxf5 27. gxf5 Rxa4 28. Nd2 Ra1+ 29. Kg2 Rd1 30. h6 g6 31. Ne4 Rxd5 32. Nf6+ Kh8 33. Nxd5 gxf5 34. Bh4 Nd7 35. f4 Re6 36. Bg5 f6 37. Nxf6 Nxf6 38. Bxf6+ Kg8 39. Kf3 Bf8 40. Rg2+ Kf7 41. Rg5 Bxh6 42. Rxf5 Kg6 43. Kg4 b5 44. Bg5 Bxg5 45. Rxg5+ Kf7 46. Kf5 a4 47. Ke4 b4 48. f5 Ra6 49. Rh5 Kg8 50. e6 a3 51. bxa3 bxa3 52. e7 Kf7 1/2-1/2

[Event "Penta Media GM"]
[Site "Kelamabakkam"]
[Date "2000.08.26"]
[Round "12"]
[White "Sasikiran, Krishnan"]
[Black "Fominyh, Alexander"]
[Result "1-0"]
[WhiteElo "2573"]
[BlackElo "2594"]
[PlyCount "73"]
[EventDate "2000.08.14"]
[Source "ChessBase"]
[SourceDate "2000.11.21"]

1. d4 d5 2. c4 c6 3. Nc3 Nf6 4. Nf3 dxc4 5. a4 Bf5 6. e3 e6 7. Bxc4 Bb4 8. O-O O-O 9. Qe2 Bg6 10. Ne5 Nbd7 11. Nxg6 hxg6 12. Rd1 Qa5 13. Na2 Bd6 14. e4 e5 15. dxe5 Qxe5 16. f4 Bc5+ 17. Kf1 Qh5 18. Qxh5 gxh5 19. e5 Nb6 20. Bb3 Ng4 21. a5 Nd5 22. Bxd5 cxd5 23. Rxd5 Rac8 24. Ke2 Nxh2 25. Bd2 Ng4 26. Rc1 b6 27. b4 Bf2 28. a6 Rcd8 29. Nc3 Rxd5 30. Nxd5 b5 31. Ne7+ Kh7 32. Rc8 Rxc8 33. Nxc8 g5 34. fxg5 Bg1 35. Bf4 Kg8 36. e6 fxe6 37. Bb8 1-0

[Event "Magyarorszag (ch) 87/345"]
[Site "?"]
[Date "2003.??.??"]
[Round "?"]
[White "Berkes, F."]
[Black "Portisch, L."]
[Result "1-0"]
[WhiteElo "2578"]
[BlackElo "2583"]
[PlyCount "93"]
[EventDate "2003.??.??"]
[Source "Chess Informant"]
[SourceDate "2003.02.01"]

1. d4 d5 2. c4 c6 3. Nf3 Nf6 4. Nc3 dxc4 5. a4 Bf5 6. e3 e6 7. Bxc4 Bb4 8. O-O O-O 9. Qe2 Nbd7 10. e4 Bg6 11. Bd3 Bh5 12. e5 Nd5 13. Nxd5 cxd5 14. Qe3 Re8 15. Bd2 Bxd2 16. Nxd2 Rc8 17. a5 Nb8 18. Bb5 Rf8 19. Nb3 Qe7 20. Nc5 Bg6 21. Rfc1 b6 22. axb6 axb6 23. Nd3 h6 24. h3 Bxd3 25. Qxd3 Qb4 26. b3 g6 27. g3 h5 28. Kg2 Kg7 29. h4 Rfd8 30. Kh2 Qe7 31. Qd2 Rf8 32. Kg2 Rfd8 33. Kg1 Rf8 34. Kf1 Rfd8 35. Kg2 Rf8 36. Qe1 Rfd8 37. Kh3 Rf8 38. Qd2 Rfd8 39. Qf4 Rf8 40. Kg2 Rfd8 41. Qg5 Qf8 42. Ra7 Rxc1 43. Qxc1 Rc8 44. Rc7 Rd8 45. Qg5 Rc8 46. Qc1 Rd8 47. g4 1-0

[Event "North Bay op"]
[Site "North Bay"]
[Date "1998.08.07"]
[Round "6"]
[White "Yermolinsky, Alex"]
[Black "Nogueiras, Jesus"]
[Result "1/2-1/2"]
[WhiteElo "2625"]
[BlackElo "2510"]
[PlyCount "47"]
[EventDate "1998.08.??"]
[Source "www.chesslib.no"]
[SourceDate "2004.05.04"]

1. d4 d5 2. c4 c6 3. Nf3 Nf6 4. Nc3 dxc4 5. a4 Bf5 6. e3 e6 7. Bxc4 Bb4 8. O-O O-O 9. Qe2 Nbd7 10. e4 Bg6 11. Bd3 a6 12. Rd1 h6 13. h3 Rc8 14. Bf4 Re8 15. Bh2 c5 16. e5 Bxd3 17. Rxd3 Nd5 18. Nxd5 exd5 19. Bg3 c4 20. Re3 Nf8 21. Nh4 Ne6 22. Rd1 g6 23. Qc2 Rc6 24. Nf3 1/2-1/2

[Event "Europa ch 2008"]
[Site "Plovdiv BUL"]
[Date "2008.04.30"]
[Round "9.61"]
[White "Lenic, Luka"]
[Black "Romanov, Evgeny"]
[Result "0-1"]
[WhiteElo "2584"]
[BlackElo "2547"]
[PlyCount "70"]
[EventDate "2008.04.21"]
[Source "www.chesslib.no"]
[SourceDate "2004.05.04"]

1. d4 d5 2. Nf3 Nf6 3. c4 c6 4. Nc3 dxc4 5. a4 Bf5 6. e3 e6 7. Bxc4 Bb4 8. O-O O-O 9. Qe2 Bg6 10. Ne5 Nbd7 11. Nxg6 hxg6 12. Rd1 Qe7 13. e4 e5 14. d5 Nb6 15. Bb3 cxd5 16. a5 d4 17. axb6 dxc3 18. bxc3 Bxc3 19. Rxa7 Rab8 20. Be3 Rfd8 21. Rxd8+ Rxd8 22. Qc4 Bd4 23. Bxd4 exd4 24. Qc7 Rd7 25. Qc8+ Kh7 26. Ra8 g5 27. f3 d3 28. Qc3 Qd6 29. Qa5 Qd4+ 30. Kf1 d2 31. Bd1 Qe3 32. g3 Qe1+ 33. Kg2 Nd5 34. exd5 Qxd1 35. Qb5 Qc2 0-1

[Event "Moscow RUS"]
[Site "Moscow RUS"]
[Date "1994.??.??"]
[Round "7"]
[White "Oll, Lembit"]
[Black "Campora, Daniel H"]
[Result "1/2-1/2"]
[WhiteElo "2590"]
[BlackElo "2535"]
[PlyCount "21"]
[EventDate "1994.??.??"]
[Source "www.chesslib.no"]
[SourceDate "2004.05.04"]

1. d4 d5 2. c4 c6 3. Nc3 Nf6 4. Nf3 dxc4 5. a4 Bf5 6. e3 e6 7. Bxc4 Bb4 8. O-O O-O 9. Qe2 Ne4 10. Na2 Qd6 11. Bd3 1/2-1/2

[Event "olm"]
[Site "Moscow olm"]
[Date "1994.??.??"]
[Round "7"]
[White "Oll, Lembit"]
[Black "Campora, Daniel H"]
[Result "1/2-1/2"]
[WhiteElo "2590"]
[BlackElo "2535"]
[PlyCount "54"]
[EventDate "1994.??.??"]
[Source "www.chesslib.no"]
[SourceDate "2004.05.04"]

1. d4 d5 2. c4 c6 3. Nc3 Nf6 4. Nf3 dxc4 5. a4 Bf5 6. e3 e6 7. Bxc4 Bb4 8. O-O O-O 9. Qe2 Ne4 10. Na2 Bd6 11. Bd3 Bg6 12. Nc3 Ng5 13. Ne1 e5 14. dxe5 Bxe5 15. Bxg6 hxg6 16. Nd3 Bxc3 17. bxc3 Nd7 18. Ra2 Re8 19. Bb2 Qa5 20. f4 b6 21. e4 Re5 22. Nc1 Rf8 23. Ra3 Nb8 24. Qc2 Rxe4 25. Qf2 Qe5 26. Ra1 Nd7 27. Qd4 Qd5 1/2-1/2

[Event "Campionato europeo 2007"]
[Site "Dresda GER"]
[Date "2007.04.12"]
[Round "9.51"]
[White "Huzman, Alexander"]
[Black "Shengelia, Davit"]
[Result "1-0"]
[WhiteElo "2591"]
[BlackElo "2523"]
[PlyCount "109"]
[EventDate "2007.04.03"]
[Source "www.chesslib.no"]
[SourceDate "2004.05.04"]

1. Nf3 Nf6 2. c4 c6 3. d4 d5 4. Nc3 dxc4 5. a4 Bf5 6. e3 e6 7. Bxc4 Bb4 8. O-O O-O 9. Qe2 Bg6 10. Ne5 Nbd7 11. Nxg6 hxg6 12. Rd1 Qa5 13. Na2 Be7 14. Bd2 Qg5 15. Rac1 Qh4 16. f3 g5 17. Be1 Qh6 18. Bb4 Rae8 19. Bxe7 Rxe7 20. Nc3 g6 21. e4 Kg7 22. e5 Nd5 23. g3 Nxc3 24. bxc3 c5 25. a5 Rc8 26. Rb1 b6 27. Ba2 Qh8 28. d5 exd5 29. Rxd5 Rce8 30. f4 gxf4 31. gxf4 Qh4 32. Qf3 bxa5 33. Rbd1 Nb6 34. Rxc5 a4 35. Kg2 Rh8 36. h3 Rb8 37. Qg4 Qxg4+ 38. hxg4 Nd7 39. Rc7 Rb2+ 40. Kg3 Rxa2 41. Rdxd7 Rxd7 42. Rxd7 Rc2 43. e6 Rxc3+ 44. Kh4 Kf6 45. exf7 g5+ 46. fxg5+ Kg7 47. g6 Rc8 48. Re7 Rf8 49. Kg5 a3 50. Rxa7 Rb8 51. Rxa3 Rb6 52. f8=Q+ Kxf8 53. Kh6 Ke7 54. Kh7 Kf6 55. g7 1-0

[Event "Olympiad"]
[Site "Skopje ol"]
[Date "1972.??.??"]
[Round "?"]
[White "Gligoric, Svetozar"]
[Black "Andersson, Ulf"]
[Result "1-0"]
[WhiteElo "2575"]
[BlackElo "2535"]
[PlyCount "89"]
[EventDate "1972.??.??"]
[Source "www.chesslib.no"]
[SourceDate "2004.05.04"]

1. d4 Nf6 2. c4 c6 3. Nc3 d5 4. Nf3 dxc4 5. a4 Bf5 6. e3 e6 7. Bxc4 Bb4 8. O-O O-O 9. Qe2 Nbd7 10. e4 Bg6 11. Bd3 Re8 12. e5 Nd5 13. Bd2 Be7 14. Nxd5 cxd5 15. Bxg6 fxg6 16. Qb5 Nb6 17. b3 a6 18. Qd3 Nd7 19. Rfc1 Nb8 20. b4 Nd7 21. a5 Nf8 22. b5 Qd7 23. Rab1 Rec8 24. Rxc8 Qxc8 25. Qb3 Bd8 26. bxa6 Rxa6 27. Qxb7 Qxb7 28. Rxb7 Bxa5 29. Bxa5 Rxa5 30. h4 Ra4 31. g3 h6 32. Kg2 Rc4 33. Kf1 Rc8 34. Nd2 Rd8 35. Nb3 Rd7 36. Rb8 Kf7 37. Nc5 Ra7 38. Nb7 Kg8 39. Nd6 Ra4 40. Rb7 Ra1+ 41. Kg2 Ra4 42. Ne8 Rxd4 43. Rxg7+ Kh8 44. f4 Rc4 45. Re7 1-0

[Event "Presidents Cup"]
[Site "Elista"]
[Date "1998.05.07"]
[Round "1.1"]
[White "Vaganian, Rafael A"]
[Black "Shovunov, Baatr"]
[Result "1-0"]
[WhiteElo "2630"]
[BlackElo "2475"]
[PlyCount "131"]
[EventDate "1998.05.07"]
[Source "ChessBase"]
[SourceDate "1998.08.06"]

1. Nf3 d5 2. d4 Nf6 3. c4 c6 4. Nc3 dxc4 5. a4 Bf5 6. e3 e6 7. Bxc4 Bb4 8. O-O O-O 9. Qe2 Bg4 10. Rd1 Qa5 11. e4 Nbd7 12. e5 Nd5 13. Ne4 Rae8 14. h3 Bh5 15. Bd3 Bg6 16. Neg5 h6 17. Bxg6 fxg6 18. Ne4 Nf4 19. Bxf4 Rxf4 20. Qe3 Rf7 21. Ne1 Ref8 22. Nd3 Nb6 23. Nxb4 Qxb4 24. Qc3 Qe7 25. Qg3 Kh7 26. a5 Nd5 27. Rd2 Qb4 28. Qa3 Rd7 29. Qxb4 Nxb4 30. Ra3 Na6 31. Nd6 c5 32. dxc5 Nxc5 33. Rc2 b6 34. axb6 axb6 35. b4 Nb7 36. Ra7 Nc5 37. Ra3 Nb7 38. Rc6 Nxd6 39. exd6 b5 40. g3 g5 41. Re3 Re8 42. Re5 Rb7 43. Rc7 Rb6 44. Re7 Rd8 45. R7xe6 Rbxd6 46. Rxd6 Rxd6 47. Rxb5 Rd1+ 48. Kg2 Rb1 49. Kf3 Rb2 50. Rb6 Kg8 51. b5 Kf7 52. Rb8 Kf6 53. b6 Kg6 54. Ke3 Kf7 55. Kd4 Rxf2 56. Rc8 Rb2 57. Rc7+ Ke6 58. Rxg7 Kf6 59. Rb7 h5 60. Rb8 Rb3 61. Kc5 g4 62. hxg4 hxg4 63. Rd8 Ke5 64. Rd5+ Ke6 65. Rd4 Rxg3 66. b7 1-0

[Event "Winnipeg"]
[Site "?"]
[Date "1994.??.??"]
[Round "?"]
[White "Tukmakov, V."]
[Black "Petursson, M."]
[Result "1/2-1/2"]
[WhiteElo "2565"]
[BlackElo "2540"]
[PlyCount "104"]
[EventDate "1994.??.??"]
[Source "ChessBase"]
[SourceDate "1994.06.01"]

1. d4 d5 2. c4 c6 3. Nf3 Nf6 4. Nc3 dxc4 5. a4 Bf5 6. e3 e6 7. Bxc4 Bb4 8. O-O O-O 9. Qe2 Ne4 10. Bd3 Bxc3 11. bxc3 Nxc3 12. Qc2 Bxd3 13. Qxd3 Nd5 14. Rb1 b6 15. Ba3 Re8 16. Rfc1 a5 17. Ne5 Qc7 18. e4 Nb4 19. Bxb4 axb4 20. Rxb4 c5 21. Qb1 Nc6 22. Nxc6 cxb4 23. Qxb4 Qf4 24. Re1 h5 25. g3 Qf3 26. Ne5 Qf6 27. Re3 Qe7 28. Qb5 Qa7 29. Kg2 Qxa4 30. Qxb6 Qd1 31. Rf3 Ra1 32. Qb5 Rf8 33. Rf4 Qh1+ 34. Kh3 Rg1 35. Nf3 Qg2+ 36. Kh4 Rh1 37. Qxh5 Qxf2 38. Kg4 f6 39. d5 e5 40. Nxe5 Qe2+ 41. Nf3 Rf1 42. Qg6 Rf7 43. d6 Qd1 44. Rf5 Qe2 45. Rf4 Qd1 46. Rf5 Rf8 47. h4 Qxd6 48. h5 Rh1 49. Rd5 Qe7 50. Qf5 Re8 51. Rd4 Rc1 52. Qd5+ Qf7 1/2-1/2

[Event "Tournament"]
[Site "Klaipeda (Lithuania)"]
[Date "1980.??.??"]
[Round "?"]
[White "Balashov, Yuri S"]
[Black "Palatnik, Semyon"]
[Result "1-0"]
[WhiteElo "2600"]
[BlackElo "2505"]
[PlyCount "77"]
[EventDate "1980.??.??"]
[Source "www.chesslib.no"]
[SourceDate "2004.05.04"]

1. d4 d5 2. c4 c6 3. Nf3 Nf6 4. Nc3 dxc4 5. a4 Bf5 6. e3 e6 7. Bxc4 Bb4 8. O-O O-O 9. Qe2 c5 10. Na2 Nc6 11. Nxb4 Nxb4 12. Bd2 Nc2 13. Rad1 cxd4 14. Bc3 Qc7 15. Nxd4 Ng4 16. g3 Nxd4 17. Rxd4 Ne5 18. g4 Bg6 19. f4 Nc6 20. f5 Nxd4 21. Bxd4 Rad8 22. fxg6 hxg6 23. b3 a6 24. Qf3 Rb8 25. Qe4 b5 26. axb5 axb5 27. Bd3 Rfd8 28. Be5 Qd7 29. Bxb8 Qxd3 30. Qxd3 Rxd3 31. b4 Rxe3 32. Bd6 Re4 33. h3 f5 34. Ra1 fxg4 35. hxg4 Rxg4+ 36. Kf2 g5 37. Ra5 Rd4 38. Bc5 Rf4+ 39. Kg3 1-0

[Event "Jugoslavija 82/346"]
[Site "?"]
[Date "2001.??.??"]
[Round "?"]
[White "Antic, D."]
[Black "Sakaev, K."]
[Result "1/2-1/2"]
[WhiteElo "2474"]
[BlackElo "2630"]
[PlyCount "88"]
[EventDate "2001.??.??"]
[Source "Chess Informant"]
[SourceDate "2001.06.01"]

1. d4 d5 2. c4 c6 3. Nf3 Nf6 4. Nc3 dxc4 5. a4 Bf5 6. e3 e6 7. Bxc4 Bb4 8. O-O O-O 9. Qe2 Bg6 10. Ne5 Nbd7 11. Nxg6 hxg6 12. Rd1 Qa5 13. e4 e5 14. d5 Nb6 15. Bb3 Rad8 16. Bg5 Bxc3 17. bxc3 cxd5 18. Qb5 Qxb5 19. axb5 Nxe4 20. Bxd8 Rxd8 21. Rxa7 Nc5 22. Bc2 g5 23. g3 g6 24. Re1 e4 25. Rd1 Kg7 26. Rd4 f5 27. Kg2 Kf6 28. f3 Ke5 29. fxe4 fxe4 30. Bd1 Nc4 31. Be2 Ne3+ 32. Kf2 Nf5 33. Rd1 Rf8 34. Kg1 Rc8 35. b6 Nd6 36. Ra5 Rc6 37. Kg2 Nf5 38. Kf2 Ne7 39. Ra8 Ne6 40. Re8 Nf5 41. Bb5 Rxc3 42. Bd7 Nfg7 43. Re7 Kf6 44. Bxe6 Kxe7 1/2-1/2

[Event "Saint Petersburg"]
[Site "?"]
[Date "2003.??.??"]
[Round "?"]
[White "Najer, E."]
[Black "Skatchkov, P."]
[Result "1/2-1/2"]
[WhiteElo "2608"]
[BlackElo "2495"]
[PlyCount "60"]
[EventDate "2003.??.??"]
[Source "Chess Informant"]
[SourceDate "2003.10.01"]

1. d4 d5 2. c4 c6 3. Nc3 dxc4 4. Nf3 Nf6 5. a4 Bf5 6. e3 e6 7. Bxc4 Bb4 8. O-O O-O 9. Qe2 Bg6 10. Ne5 Nbd7 11. Nxg6 hxg6 12. Rd1 Qa5 13. Na2 Qxa4 14. e4 Qa5 15. e5 Nd5 16. h4 c5 17. Bxd5 exd5 18. Be3 Qb6 19. Nxb4 Qxb4 20. h5 gxh5 21. Qxh5 Rfe8 22. Ra3 Qxb2 23. Bc1 Qc2 24. Rh3 f6 25. f4 cxd4 26. Rf1 Rac8 27. Qh8+ Kf7 28. Qh5+ Kg8 29. Qh8+ Kf7 30. Qh5+ Kg8 1/2-1/2